000 00627nam a22001817a 4500
003 OSt
005 20260310110650.0
082 _a631.3
_bMOH/ST
088 _aP 652
100 _aMohammed Suhail V K
_97909
100 _aChaithanya Vijayan
_97910
100 _aRoshni V S
_97911
245 _aSTUDY ON DESIGN OF FOUR- BAR MECHANISM IN VIBRATORY TILLAGE TOOLS
260 _aTavanur
_bDEPARTMENT OF FARM MACHINERY AND POWER ENGINEERING, KELAPPAJI COLLEGE OF AGRICULTURAL ENGINEERING AND FOOD TECHNOLOGY
_c2025
700 _aSindhu Bhaskar
_97912
856 _uhttp://14.139.181.140:8080/jspui/handle/123456789/2196
942 _cPR
999 _c19627
_d19627